Currency with the highest value - Statistics

General Stats
  • This quiz has been taken 74 times
  • The average score is 9 of 15
Answer Stats
1 USD to ? Country/Regions % Correct
0.91 Euro Zone
87%
0.76 United Kingdom
87%
1.25 Canada
79%
1.32 Australia
76%
0.93 Switzerland
76%
1.44 New Zealand
71%
0.38 Bahrain
63%
0.3 Kuwait
62%
1.36 Singapore
62%
1 United States
59%
0.39 Oman
54%
0.71 Jordan
41%
1.36 Brunei
33%
0.83 Cayman
5%
0.76 Gibraltar
3%
No matching quizzes found
Score Distribution
Percent of People with Each Score
Percentile by Number Answered
Your Score History
You have not taken this quiz